000 00544nam a2200193Ia 4500
005 20250508165701.0
008 008 250505s9999 xx 000 0 eng d
037 _aPeriodicals
040 _aFEDL
_beng
_cFEDL
041 _aeng
_2eng
084 _a540, NCE
_qFEDL
245 0 _aChemistry : textbook for class xi
245 0 _cNational Council of educational research and training
260 _aNew Delhi, India
_bNCERT
_c2003
300 _a398p.
365 _aINR
_b120
942 _cCR
_h540, NCE
999 _c1396732
_d1396732